Score 0/25 Timer 10:00
0 Plays Today
Lyrics (more than one separated by comma % Correct
hickory dickory dock the ? ran up the clockmouse
98.5%
hey diddle diddle the cat in the fiddle the cow jumped over the ?moon
92.5%
jack be nimble jack be quick jack jumped over a ?candlestick
86.6%
jack and jill went up the ? to fetch a pail of water hill
85.1%
humpty dumpty sat on a ?, humpty dumpty had great ?wall, fall
83.6%
mary had a little lamb whose ? was white as snowfleece
73.1%
little bo peep ? her sheeplost
67.2%
it's raining it's pouring the ? is snoringold man
61.2%
twinkle twinkle little star how i ? what you arewonder
46.3%
there was a ? had a dog and bingo was his name o farmer
44.8%
the itsy bitsy spider went up the ?water spout
44.8%
this old man he played two he played ? on my ?knick knack, shoe
43.3%
three blind mice, ? how they ? see, run
38.8%
Lyrics (more than one separated by comma % Correct
this little piggy had ?, and this little piggy had ?roast beef, none
35.8%
do you know the muffin man who lives on ? drury lane
29.9%
one a ? two a ? hot cross bunspenny
25.4%
the ? thought it was all in ? pop goes the weaselmonkey, fun
22.4%
one two buckle my shoe, three four ?, five six ?, seven eight ?, nine ten you're a ? shut the door, pick up sticks, lay them straight, big fat hen
17.9%
? ? go away come again another ?rain, day
17.9%
little muss muffet sat on her tuffet eating her ?pumpkin pie
9%
old mcdonald had a farm eeyi ?eeyiyo
7.5%
three little kittens they lost their mittens and they began to ? oh, mother ?, we sadly ? our mittens we have lost. what! lost your mittens, you ? kittens! then you shall have no ?cry, dear, fear, naughty, pie
7.5%
ring around the rosie a ? full of ?, ? ? we all fall downpocket, posie, ashes
6%
paty cake paty cake baker's man bake me cake as fast as you can roll it and pat it and ? it with a b and put it in the oven for ? and ? mark, you, me
1.5%
the farmer in the dell ? the ? the farmer in the dellhiyo, dairyo
0%
Remove Ads.
Support Sporcle.
Get the best of Sporcle when you Go Orange. This ad-free experience offers more features, more stats, and more fun while also helping to support Sporcle. Thank you for becoming a member.

You're not logged in!

Compare scores with friends on all Sporcle quizzes.
OR
Log In

Show Comments

Extras

Created Dec 23, 2012ReportNominate
Tags:Nursery, Rhyme

Top Quizzes Today


Score Distribution

Your Account Isn't Verified!

In order to create a playlist on Sporcle, you need to verify the email address you used during registration. Go to your Sporcle Settings to finish the process.

Report this User

Report this user for behavior that violates our Community Guidelines.

Details: